[Event "Bashkortostan-ch"]
[Site "Ufa"]
[Date "2017.12.16"]
[Round "7"]
[White "Abelguzin, Dinar"]
[Black "Butorin, Andrey"]
[Result "1-0"]
[WhiteElo "2399"]
[BlackElo "1959"]
[PlyCount "115"]
[EventDate "2017.12.11"]
[EventType "tourn"]
[EventRounds "9"]
[EventCountry "RUS"]
[SourceTitle "EXT 2019"]
[Source "ChessBase"]
[SourceDate "2018.10.10"]
[SourceVersion "1"]
[SourceVersionDate "2018.10.10"]
[SourceQuality "1"]

1. e4 b6 2. d4 e6 3. Nc3 Bb7 4. Nge2 Nf6 5. Bg5 h6 6. Bxf6 Qxf6 7. a3 d5 8. Ng3 c6 9. Be2 Qd8 10. 0-0 Be7 11. f4 0-0 12. Bf3 Qc7 13. Nce2 dxe4 14. Nxe4 c5 15. dxc5 Rd8 16. Qc1 Bxc5+ 17. Kh1 Be7 18. N2c3 a6 19. Qe3 Nd7 20. Rad1 Nf6 21. Ng3 Bc5 22. Qe5 Qxe5 23. fxe5 Bxf3 24. gxf3 Nd5 25. Nxd5 Rxd5 26. Rxd5 exd5 27. Rd1 Rd8 28. Rd3 a5 29. f4 Kf8 30. c4 d4 31. Kg2 g6 32. Kf3 Ke7 33. f5 f6 34. fxg6 fxe5 35. Nh5 Rg8 36. g7 Kf7 37. Ke4 Kg6 38. Rh3 a4 39. Kxe5 Re8+ 40. Kd5 d3 41. Nf4+ Kxg7 42. Ne6+ Kf7 43. Rf3+ Ke7 44. Rxd3 Bd6 45. Rh3 Ra8 46. Rxh6 Ra5+ 47. Kc6 Re5 48. Nd4 Bc5 49. Nb5 Re4 50. Nc3 Rxc4 51. Kb5 Rg4 52. Nxa4 Be3 53. Rh7+ Kd8 54. Nxb6 Rg5+ 55. Ka6 Rg6 56. Rb7 Bc1 57. Ka7 Bxb2 58. Rb8+ 1-0

[Event "Bashkortostan-ch"]
[Site "Ufa"]
[Date "2017.12.11"]
[Round "1"]
[White "Mukhutdinov, Tigran"]
[Black "Abelguzin, Dinar"]
[Result "1-0"]
[WhiteElo "2210"]
[BlackElo "2399"]
[PlyCount "87"]
[EventDate "2017.12.11"]
[EventType "tourn"]
[EventRounds "9"]
[EventCountry "RUS"]
[SourceTitle "EXT 2019"]
[Source "ChessBase"]
[SourceDate "2018.10.10"]
[SourceVersion "1"]
[SourceVersionDate "2018.10.10"]
[SourceQuality "1"]

1. e4 d6 2. d4 Nf6 3. Nc3 Nbd7 4. Nf3 e5 5. Be2 Be7 6. g4 h6 7. Rg1 c6 8. a4 Nh7 9. Be3 Ng5 10. Qd2 Nxf3+ 11. Bxf3 Bg5 12. Ne2 Qf6 13. Bh1 Nf8 14. f4 exf4 15. Nxf4 Ne6 16. Nh5 Bh4+ 17. Ke2 Qg6 18. Raf1 0-0 19. Ng3 Ng5 20. Nf5 Bxf5 21. gxf5 Qh5+ 22. Kd3 Rfe8 23. Qe2 Qxe2+ 24. Kxe2 Nh3 25. Rg4 Bg5 26. Rf3 Bxe3 27. Rxe3 Ng5 28. Reg3 f6 29. h4 h5 30. Rf4 Nf7 31. Rf1 Nh6 32. Rg6 d5 33. Kd3 dxe4+ 34. Bxe4 Re7 35. Bf3 Nxf5 36. Bxh5 Nxh4 37. Rg4 g5 38. Rxf6 Rg7 39. a5 Rf8 40. Rxf8+ Kxf8 41. a6 bxa6 42. Kc4 Ke7 43. Kc5 Kd7 44. Re4 1-0

[Event "Ufa Gumerov Memorial 5th"]
[Site "Ufa"]
[Date "2016.08.09"]
[Round "8"]
[White "Darmin, Dmitry"]
[Black "Abelguzin, Dinar"]
[Result "1/2-1/2"]
[WhiteElo "2403"]
[BlackElo "2420"]
[PlyCount "62"]
[EventDate "2016.08.05"]
[EventType "tourn"]
[EventRounds "9"]
[EventCountry "RUS"]
[EventCategory "3"]
[SourceTitle "CBM 173 Extra"]
[Source "ChessBase"]
[SourceDate "2016.08.29"]
[SourceVersion "1"]
[SourceVersionDate "2016.08.29"]
[SourceQuality "1"]

1. e4 e5 2. Nf3 Nc6 3. d3 Nf6 4. Be2 d5 5. Nbd2 Bc5 6. 0-0 0-0 7. c3 a5 8. Qc2 h6 9. h3 Be6 10. Re1 Re8 11. b3 d4 12. Bb2 dxc3 13. Bxc3 Nd7 14. Qb2 Qf6 15. Nc4 b5 16. Nxa5 Nxa5 17. b4 Bd6 18. bxa5 b4 19. Bd2 Rxa5 20. Reb1 Rea8 21. Bxb4 Rxa2 22. Bxd6 cxd6 23. Qc3 Kh7 24. Rxa2 Rxa2 25. Re1 Nc5 26. d4 exd4 27. Qxd4 Qxd4 28. Nxd4 Bd7 29. Bb5 Bxb5 30. Nxb5 Rd2 31. Re3 d5 1/2-1/2

[Event "RUS-chT U20"]
[Site "Kolomna"]
[Date "2014.08.08"]
[Round "7"]
[White "Povolotsky, Evgeny"]
[Black "Abelguzin, Dinar"]
[Result "0-1"]
[WhiteElo "2081"]
[BlackElo "2150"]
[PlyCount "48"]
[EventDate "2014.08.02"]
[EventType "swiss"]
[EventRounds "9"]
[EventCountry "RUS"]
[SourceTitle "EXT 2016"]
[Source "ChessBase"]
[SourceDate "2015.10.08"]
[SourceVersion "1"]
[SourceVersionDate "2015.10.08"]
[SourceQuality "1"]

1. Nf3 Nf6 2. b3 g6 3. Bb2 Bg7 4. g3 d5 5. d4 0-0 6. Bg2 Ne4 7. Nbd2 c5 8. 0-0 Nc6 9. e3 Bf5 10. h3 Nxd2 11. Qxd2 Rc8 12. Rac1 Qd7 13. Ng5 Be5 14. dxe5 Bxh3 15. Qc3 d4 16. Qxc5 Bxg2 17. Kxg2 b6 18. Qb5 dxe3 19. fxe3 Qd2+ 20. Kf3 f6 21. exf6 exf6 22. Rf2 Ne5+ 23. Kg2 Qxe3 24. Qd5+ Kh8 0-1

[Event "Samara Polugaevsky Memorial 4th"]
[Site "Samara"]
[Date "2014.07.09"]
[Round "8"]
[White "Abelguzin, Dinar"]
[Black "Mineev, Stanislav"]
[Result "1-0"]
[WhiteElo "2150"]
[BlackElo "1766"]
[PlyCount "107"]
[EventDate "2014.07.02"]
[EventType "swiss"]
[EventRounds "9"]
[EventCountry "RUS"]
[SourceTitle "CBM 161 Extra"]
[Source "ChessBase"]
[SourceDate "2014.08.29"]
[SourceVersion "1"]
[SourceVersionDate "2014.08.29"]
[SourceQuality "1"]

1. e4 e6 2. d4 d5 3. Nc3 Nf6 4. e5 Nfd7 5. f4 c5 6. Nf3 Nc6 7. Be3 Qb6 8. Qd2 Qxb2 9. Rb1 Qa3 10. Bb5 c4 11. Ne2 Qxa2 12. 0-0 Qa3 13. f5 exf5 14. Ra1 Qb4 15. Nc3 Nb6 16. Rfb1 Qe7 17. Bxc6+ bxc6 18. Rxb6 axb6 19. Rxa8 Qb7 20. Ra1 h6 21. Qe1 Be7 22. Ra2 0-0 23. Qa1 Bb4 24. Bd2 Ba5 25. Na4 Bxd2 26. Nxd2 b5 27. Nc5 Qe7 28. Nf3 g5 29. Ra7 Qe8 30. Qa5 g4 31. Ne1 Be6 32. Qc7 Qc8 33. Qe7 Qd8 34. Nxe6 Qxe7 35. Rxe7 fxe6 36. Rxe6 b4 37. Rxc6 Rb8 38. Ra6 b3 39. cxb3 cxb3 40. Ra1 Rb4 41. Rb1 Rxd4 42. Rxb3 Re4 43. Nd3 Kf7 44. Kf2 h5 45. Rb6 Rd4 46. Ke3 Re4+ 47. Kd2 Ra4 48. Rf6+ Ke7 49. Rxf5 Ra2+ 50. Ke3 Rxg2 51. Rxh5 g3 52. hxg3 Rxg3+ 53. Kd4 Rf3 54. Rh7+ 1-0

[Event "Samara Polugaevsky Memorial 4th"]
[Site "Samara"]
[Date "2014.07.05"]
[Round "4"]
[White "Abelguzin, Dinar"]
[Black "Igambergenov, Alibek"]
[Result "1/2-1/2"]
[WhiteElo "2150"]
[BlackElo "2328"]
[PlyCount "80"]
[EventDate "2014.07.02"]
[EventType "swiss"]
[EventRounds "9"]
[EventCountry "RUS"]
[SourceTitle "CBM 161 Extra"]
[Source "ChessBase"]
[SourceDate "2014.08.29"]
[SourceVersion "1"]
[SourceVersionDate "2014.08.29"]
[SourceQuality "1"]

1. e4 e6 2. d4 d5 3. Nc3 Nf6 4. e5 Nfd7 5. f4 c5 6. Nf3 Nc6 7. Be3 Be7 8. Be2 0-0 9. Qd2 a6 10. 0-0 f6 11. exf6 Nxf6 12. dxc5 Ng4 13. Bd4 Qc7 14. g3 Nxd4 15. Nxd4 Nh6 16. Na4 Bxc5 17. Nxc5 Qxc5 18. Kg2 Bd7 19. Bf3 Rae8 20. Rae1 Nf7 21. Bg4 Qd6 22. Rf2 e5 23. Bxd7 Qxd7 24. fxe5 Rxe5 25. Rxe5 Nxe5 26. Rxf8+ Kxf8 27. Qf4+ Nf7 28. Nf5 g6 29. Qb4+ Ke8 30. Ng7+ Kd8 31. Qb6+ Kc8 32. Ne6 Qe7 33. Nf4 Qe4+ 34. Kg1 Qe1+ 35. Kg2 Qe4+ 36. Kg1 Kb8 37. Qc5 Qe1+ 38. Kg2 Qe4+ 39. Kg1 Qe1+ 40. Kg2 Qe4+ 1/2-1/2

[Event "World School-ch U13 9th"]
[Site "Porto Carras"]
[Date "2013.05.12"]
[Round "7"]
[White "Abelguzin, Dinar"]
[Black "Bashirli, Nail Qoshqar"]
[Result "1-0"]
[WhiteElo "2039"]
[BlackElo "1805"]
[PlyCount "137"]
[EventDate "2013.05.07"]
[EventType "swiss"]
[EventRounds "9"]
[EventCountry "GRE"]
[SourceTitle "CBM 154 Extra"]
[Source "ChessBase"]
[SourceDate "2013.06.25"]
[SourceVersion "2"]
[SourceVersionDate "2013.06.25"]
[SourceQuality "1"]

1. e4 c5 2. Nf3 d6 3. d4 cxd4 4. Nxd4 Nf6 5. Nc3 a6 6. h3 e5 7. Nde2 b5 8. g4 Bb7 9. Bg2 b4 10. Nd5 Nxd5 11. exd5 g6 12. 0-0 Bg7 13. Bd2 a5 14. a3 Na6 15. axb4 Nxb4 16. Bxb4 axb4 17. Qd2 Ba6 18. Rfe1 Bxe2 19. Qxe2 Rb8 20. Ra6 0-0 21. Rc6 Qe7 22. Ra1 f5 23. Qe3 Rb7 24. Raa6 Rd7 25. Rab6 fxg4 26. Rxb4 gxh3 27. Qxh3 Kh8 28. Qe6 Qd8 29. Rbc4 Rdf7 30. Rc8 Qf6 31. Qxf6 Rxf6 32. b4 Rxf2 33. b5 e4 34. Rxf8+ Rxf8 35. Bxe4 Be5 36. Kg2 Rb8 37. Bd3 Kg7 38. Rc6 Rd8 39. c3 Kf6 40. b6 Rb8 41. Ba6 Bxc3 42. Rxc3 Rxb6 43. Bc8 Ke5 44. Be6 Rb2+ 45. Kg3 Rb1 46. Rf3 h6 47. Rf2 Rb3+ 48. Kg2 Rb4 49. Re2+ Kd4 50. Kf3 Rb1 51. Re4+ Kc5 52. Rg4 Rf1+ 53. Ke4 g5 54. Rg2 Rf4+ 55. Ke3 Rf6 56. Rc2+ Kb5 57. Bd7+ Kb6 58. Rc6+ Kb7 59. Bc8+ Kb8 60. Be6 h5 61. Rxd6 g4 62. Rd8+ Kc7 63. Rh8 Rf3+ 64. Ke4 Rh3 65. Bf7 g3 66. Ke5 g2 67. d6+ Kb6 68. d7 Re3+ 69. Kd4 1-0

[Event "World School-ch U13 9th"]
[Site "Porto Carras"]
[Date "2013.05.11"]
[Round "6"]
[White "Kuybokarov, Temur"]
[Black "Abelguzin, Dinar"]
[Result "1-0"]
[WhiteElo "2024"]
[BlackElo "2039"]
[PlyCount "127"]
[EventDate "2013.05.07"]
[EventType "swiss"]
[EventRounds "9"]
[EventCountry "GRE"]
[SourceTitle "CBM 154 Extra"]
[Source "ChessBase"]
[SourceDate "2013.06.25"]
[SourceVersion "2"]
[SourceVersionDate "2013.06.25"]
[SourceQuality "1"]

1. e4 e5 2. Nf3 Nc6 3. Bc4 Bc5 4. 0-0 Nf6 5. d3 d6 6. c3 0-0 7. Bb3 a6 8. Nbd2 Ba7 9. h3 Nh5 10. Nc4 Nf4 11. Bxf4 exf4 12. Qd2 Qf6 13. d4 Bd7 14. Rfe1 b5 15. Na3 Rae8 16. e5 Qh6 17. exd6 cxd6 18. Rxe8 Rxe8 19. Re1 Qf6 20. Rxe8+ Bxe8 21. Qe2 Kf8 22. Bd5 Qe7 23. Qd2 Qf6 24. Qd3 g6 25. Nd2 Bd7 26. Qf3 Ne7 27. Bb7 d5 28. Bxd5 Nxd5 29. Qxd5 Bc6 30. Qb3 f3 31. Nxf3 Bxf3 32. gxf3 Qxf3 33. Nxb5 Bb8 34. Qb4+ Kg7 35. Nd6 Qxh3 36. Ne8+ Kg8 37. Nf6+ Kg7 38. Ne8+ Kg8 39. Qxb8 Qg4+ 40. Qg3 Qe6 41. Qe3 Qg4+ 42. Kf1 Qd1+ 43. Qe1 Qf3 44. Nf6+ Qxf6 45. Qe8+ Kg7 46. Qe5 g5 47. b4 Kg6 48. Qxf6+ Kxf6 49. a4 Ke6 50. a5 Kd5 51. b5 axb5 52. a6 Kc6 53. d5+ Kxd5 54. a7 Kc4 55. a8Q Kxc3 56. Qc6+ Kb4 57. Ke2 h5 58. Qf6 Ka3 59. Qxg5 b4 60. Qxh5 b3 61. Qa5+ Kb2 62. Kd2 f5 63. Qc3+ Ka2 64. Kc1 1-0

[Event "Ufa-ch"]
[Site "Ufa"]
[Date "2012.11.24"]
[Round "6"]
[White "Kalegin, Evgenij"]
[Black "Abelguzin, Dinar"]
[Result "1-0"]
[WhiteElo "2467"]
[BlackElo "1921"]
[PlyCount "57"]
[EventDate "2012.11.19"]
[EventType "tourn"]
[EventRounds "9"]
[EventCountry "RUS"]
[SourceTitle "CBM 151 Extra"]
[Source "ChessBase"]
[SourceDate "2012.12.18"]
[SourceVersion "1"]
[SourceVersionDate "2012.12.18"]
[SourceQuality "1"]

1. e4 e5 2. Nf3 Nc6 3. Bb5 a6 4. Ba4 Nf6 5. d3 d6 6. c3 Be7 7. Nbd2 0-0 8. 0-0 b5 9. Bc2 d5 10. exd5 Nxd5 11. Re1 Bf6 12. Ne4 h6 13. d4 exd4 14. Qd3 Bg4 15. Bxh6 Bh5 16. Bb3 Bg6 17. Bxd5 Qxd5 18. Nxf6+ gxf6 19. Qd2 Rfd8 20. cxd4 Nxd4 21. Nxd4 Qxd4 22. Re8+ Kh7 23. Qxd4 Rxd4 24. Rxa8 Kxh6 25. Rxa6 Kg7 26. Rc6 Rd2 27. b3 Rb2 28. Rxc7 Bb1 29. Ra7 1-0

[Event "Ufa-ch sf3"]
[Site "Ufa"]
[Date "2012.09.20"]
[Round "5.1"]
[White "Afanasiev, Dmitry"]
[Black "Abelguzin, Dinar"]
[Result "1/2-1/2"]
[WhiteElo "1722"]
[BlackElo "2016"]
[PlyCount "51"]
[EventDate "2012.09.16"]
[EventType "swiss"]
[EventRounds "9"]
[EventCountry "RUS"]
[SourceTitle "EXT 2022"]
[Source "ChessBase"]
[SourceDate "2021.10.06"]
[SourceVersion "1"]
[SourceVersionDate "2021.10.06"]
[SourceQuality "1"]

1. e4 e5 2. Nf3 Nc6 3. d4 exd4 4. Nxd4 Nf6 5. Nc3 Bb4 6. Nxc6 bxc6 7. Bd3 d5 8. exd5 cxd5 9. 0-0 0-0 10. Bg5 c6 11. Re1 h6 12. Bh4 Rb8 13. a3 Ba5 14. b4 Bc7 15. Bg3 Bxg3 16. hxg3 a5 17. b5 d4 18. Ne2 c5 19. a4 Qc7 20. Bc4 Bf5 21. Nf4 Rfe8 22. Rxe8+ Rxe8 23. Nd5 Nxd5 24. Bxd5 Qe5 25. Bc4 Re7 26. Rb1 1/2-1/2

[Event "Ufa-ch sf3"]
[Site "Ufa"]
[Date "2012.09.18"]
[Round "3.1"]
[White "Idrisova, Roza"]
[Black "Abelguzin, Dinar"]
[Result "0-1"]
[WhiteElo "2085"]
[BlackElo "2016"]
[PlyCount "106"]
[EventDate "2012.09.16"]
[EventType "swiss"]
[EventRounds "9"]
[EventCountry "RUS"]
[SourceTitle "EXT 2022"]
[Source "ChessBase"]
[SourceDate "2021.10.06"]
[SourceVersion "1"]
[SourceVersionDate "2021.10.06"]
[SourceQuality "1"]

1. d4 d5 2. c4 c6 3. Nf3 Nf6 4. Qc2 g6 5. Bf4 Bg7 6. e3 0-0 7. Nc3 a6 8. a4 Bg4 9. Ne5 Be6 10. Be2 Nbd7 11. c5 Nxe5 12. Bxe5 Nd7 13. Bxg7 Kxg7 14. 0-0 Bf5 15. Qb3 Qc7 16. g4 Be6 17. f4 f6 18. a5 Bf7 19. Qc2 e5 20. b4 Rae8 21. fxe5 fxe5 22. Rf2 Be6 23. Raf1 Qd8 24. Bd1 Qg5 25. Rxf8 Rxf8 26. Rxf8 Nxf8 27. Qf2 exd4 28. exd4 Qc1 29. Qg3 Bxg4 30. Qxg4 Qxc3 31. Kf1 Qd3+ 32. Be2 Qf5+ 33. Kg2 Ne6 34. Kg3 Qf6 35. Bd1 Nxd4 36. Qd7+ Qf7 37. Qxf7+ Kxf7 38. Kf4 Kf6 39. h4 h6 40. Kg3 Nf5+ 41. Kh3 Ke5 42. h5 g5 43. Be2 d4 44. Kg4 Ne3+ 45. Kf3 Nd5 46. Kf2 Nxb4 47. Bg4 Kd5 48. Bc8 Kxc5 49. Bxb7 Kc4 50. Bc8 Kc3 51. Ke1 Kc2 52. Bf5+ d3 53. Be4 Kc1 0-1

[Event "Sterlitamak Rochinskiy op"]
[Site "Sterlitamak"]
[Date "2012.06.28"]
[Round "7"]
[White "Abelguzin, Dinar"]
[Black "Petrov, Valery"]
[Result "1-0"]
[WhiteElo "1921"]
[BlackElo "2092"]
[PlyCount "65"]
[EventDate "2012.06.22"]
[EventType "swiss"]
[EventRounds "9"]
[EventCountry "RUS"]
[SourceTitle "EXT 2013"]
[Source "ChessBase"]
[SourceDate "2012.11.22"]
[SourceVersion "1"]
[SourceVersionDate "2012.11.22"]
[SourceQuality "1"]

1. e4 e6 2. d3 d5 3. Nd2 c5 4. Ngf3 Nc6 5. g3 Nf6 6. Bg2 Be7 7. 0-0 0-0 8. Re1 Qc7 9. e5 Nd7 10. Qe2 b5 11. Nf1 b4 12. Bf4 Ba6 13. h4 Bb5 14. N1h2 Rac8 15. Ng4 a6 16. Ng5 Nd4 17. Qd1 Bxg5 18. hxg5 Kh8 19. Ne3 Rg8 20. c3 bxc3 21. bxc3 Nb6 22. cxd4 cxd4 23. Ng4 Qc3 24. Bf1 Qa3 25. Kg2 Ba4 26. Qf3 Rc2 27. Be2 Rgc8 28. Rh1 Qf8 29. Rxh7+ Kxh7 30. Kh1 Kg8 31. Nf6+ gxf6 32. gxf6 Rxe2 33. Qg4+ 1-0

[Event "Ufa RDYSH HL-ch"]
[Site "Ufa"]
[Date "2012.06.15"]
[Round "6"]
[White "Abelguzin, Dinar"]
[Black "Timofeev, Pavel"]
[Result "1-0"]
[WhiteElo "1965"]
[BlackElo "1909"]
[PlyCount "61"]
[EventDate "2012.06.13"]
[EventType "swiss"]
[EventRounds "9"]
[EventCountry "RUS"]
[SourceTitle "EXT 2014"]
[Source "ChessBase"]
[SourceDate "2013.11.20"]
[SourceVersion "1"]
[SourceVersionDate "2013.11.20"]
[SourceQuality "1"]

1. e4 e5 2. Nf3 Nc6 3. Bb5 a6 4. Ba4 Bc5 5. 0-0 b5 6. Bb3 Nf6 7. a4 b4 8. d3 d6 9. h3 0-0 10. a5 Nd4 11. Nxd4 Bxd4 12. c3 bxc3 13. bxc3 Ba7 14. Bg5 h6 15. Bh4 g5 16. Bg3 h5 17. Qd2 Nd7 18. Na3 h4 19. Bh2 Rb8 20. Bc4 Nc5 21. Rfb1 Rxb1+ 22. Rxb1 Be6 23. Re1 f5 24. Qa2 Bxc4 25. Qxc4+ Kh8 26. d4 exd4 27. Qxd4+ Qf6 28. e5 Qg7 29. exd6 Qxd4 30. cxd4 Ne4 31. Be5+ 1-0

[Event "Ufa RDYSH HL-ch"]
[Site "Ufa"]
[Date "2012.06.13"]
[Round "2"]
[White "Abelguzin, Dinar"]
[Black "Valiullin, Albert"]
[Result "0-1"]
[WhiteElo "1965"]
[BlackElo "1905"]
[PlyCount "102"]
[EventDate "2012.06.13"]
[EventType "swiss"]
[EventRounds "9"]
[EventCountry "RUS"]
[SourceTitle "EXT 2014"]
[Source "ChessBase"]
[SourceDate "2013.11.20"]
[SourceVersion "1"]
[SourceVersionDate "2013.11.20"]
[SourceQuality "1"]

1. e4 c5 2. Nf3 Nc6 3. d4 cxd4 4. Nxd4 Nf6 5. Nc3 d6 6. f3 g6 7. Be3 Bg7 8. Qd2 0-0 9. Bc4 Bd7 10. h4 Rc8 11. Bb3 Ne5 12. 0-0-0 Nc4 13. Bxc4 Rxc4 14. h5 Nxh5 15. Nde2 Qa5 16. Bh6 Bh8 17. Bxf8 Kxf8 18. Qh6+ Bg7 19. Qxh7 Ng3 20. Nxg3 Rxc3 21. Rd5 Qxa2 22. bxc3 Ba4 23. Kd1 Qxc2+ 24. Ke1 e6 25. Rxd6 Qxc3+ 26. Kf1 Qc1+ 27. Kf2 Qc5+ 28. Kf1 Qxd6 29. Ne2 Bb5 30. Kf2 Qd2 31. Kg3 Bxe2 32. Qh4 Qd6+ 33. Kf2 Bb5 34. Qg5 Bd4+ 35. Ke1 Qb4+ 36. Kd1 Ba4+ 37. Ke2 Qc4+ 38. Ke1 Qc3+ 39. Qd2 Bf2+ 40. Ke2 Bb5+ 41. Kd1 Qb3+ 42. Qc2 Be2+ 43. Kd2 Be3+ 44. Kxe2 Qxc2+ 45. Kxe3 Qxg2 46. Rb1 b6 47. Ra1 a5 48. Rb1 a4 49. Rxb6 Qg1+ 50. Kd3 Qxb6 51. f4 a3 0-1

[Event "Ufa-ch sf2"]
[Site "Ufa"]
[Date "2012.05.25"]
[Round "5"]
[White "Abelguzin, Dinar"]
[Black "Valiullin, Artur"]
[Result "0-1"]
[WhiteElo "1921"]
[BlackElo "1967"]
[PlyCount "68"]
[EventDate "2012.05.21"]
[EventType "swiss"]
[EventRounds "9"]
[EventCountry "RUS"]
[SourceTitle "EXT 2014"]
[Source "ChessBase"]
[SourceDate "2013.11.20"]
[SourceVersion "1"]
[SourceVersionDate "2013.11.20"]
[SourceQuality "1"]

1. e4 c5 2. Nf3 Nc6 3. d4 cxd4 4. Nxd4 d6 5. Nc3 Nf6 6. f3 g6 7. Be3 Bg7 8. Qd2 0-0 9. g4 a6 10. 0-0-0 Bd7 11. Kb1 Rc8 12. h4 h5 13. g5 Nh7 14. f4 b5 15. Be2 Na5 16. f5 Nc4 17. Bxc4 Rxc4 18. Rhf1 Be5 19. Nce2 Qa8 20. Qd3 Rfc8 21. fxg6 fxg6 22. Nf4 Bxf4 23. Bxf4 e5 24. Nf3 exf4 25. Qxd6 Qxe4 26. Nd4 Bf5 27. Rxf4 Rxd4 28. Rxe4 Rxd6 29. Rxd6 Bxe4 30. Rxa6 Rxc2 31. Re6 Bf5 32. Re8+ Kf7 33. Re5 Re2+ 34. Rxf5+ gxf5 0-1

[Event "Ufa-ch sf2"]
[Site "Ufa"]
[Date "2012.05.21"]
[Round "1"]
[White "Abelguzin, Dinar"]
[Black "Mukhutdinov, Tigran"]
[Result "1-0"]
[WhiteElo "1921"]
[BlackElo "1631"]
[PlyCount "55"]
[EventDate "2012.05.21"]
[EventType "swiss"]
[EventRounds "9"]
[EventCountry "RUS"]
[SourceTitle "EXT 2014"]
[Source "ChessBase"]
[SourceDate "2013.11.20"]
[SourceVersion "1"]
[SourceVersionDate "2013.11.20"]
[SourceQuality "1"]

1. e4 e5 2. Nf3 Nc6 3. Bb5 a6 4. Ba4 Nf6 5. 0-0 b5 6. Bb3 Be7 7. Re1 d6 8. h3 Na5 9. d4 Nxb3 10. axb3 exd4 11. Nxd4 Bb7 12. Nf5 0-0 13. Nc3 Re8 14. Nxe7+ Qxe7 15. Bg5 h6 16. Bh4 Qe6 17. Qd2 Nh7 18. Rad1 Qg6 19. Qf4 Nf8 20. Nd5 Bxd5 21. Rxd5 Ne6 22. Qd2 Nd8 23. Qe2 c6 24. Rd3 d5 25. Rg3 Qe6 26. e5 Kh8 27. Qh5 Nb7 28. Bf6 1-0